South Eastern Kenya University

Library Online Public Access Catalogue


Renewable resources in the Pacific : (Record no. 971)

MARC details
000 -LEADER
fixed length control field 00539cam a2200145 a 4500
020 ## - INTERNATIONAL STANDARD BOOK NUMBER
International Standard Book Number 0889363129
050 00 - LIBRARY OF CONGRESS CALL NUMBER
Classification number HC681
Item number .P34 1981
245 10 - TITLE STATEMENT
Title Renewable resources in the Pacific :
Remainder of title proceedings of the 12th Pacific Trade and Development Conference, held in Vancouver, Canada, 7-11 September 1981 /
Statement of responsibility, etc. editors, H.E. English and Anthony Scott.
260 ## - PUBLICATION, DISTRIBUTION, ETC. (IMPRINT)
Place of publication, distribution, etc. Ottawa :
Name of publisher, distributor, etc. International Development Research Centre,
Date of publication, distribution, etc. c1982.
300 ## - PHYSICAL DESCRIPTION
Extent 293 p. :
650 #0 - SUBJECT ADDED ENTRY--TOPICAL TERM
General subdivision Congresses.
700 1# - ADDED ENTRY--PERSONAL NAME
Personal name English, H. Edward
700 1# - ADDED ENTRY--PERSONAL NAME
Personal name Scott, Anthony,
942 ## - ADDED ENTRY ELEMENTS (KOHA)
Koha item type General circulation
Holdings
Withdrawn status Lost status Source of classification or shelving scheme Damaged status Not for loan Home library Current library Date acquired Cost, normal purchase price Total Checkouts Full call number Barcode Date last seen Cost, replacement price Price effective from Koha item type Public note
    Library of Congress Classification     Main Campus Library Main Campus Library 14/08/2014 1675.00   HC681 .P34 1981 2016/016556 14/08/2014 2405.00 14/08/2014 General circulation BONNIE
Kitui, Kenya.
+254736116989
library@seku.ac.ke